| 000 | 00388 a2200121 4500 | ||
|---|---|---|---|
| 001 | ART_8673 | ||
| 005 | 20260410161558.0 | ||
| 008 | 260409a | ||
| 245 | 1 | 0 | _aLa documentación de la auditoría de los balances sociales |
| 100 | 1 | _aGeba, Norma Beatriz | |
| 700 | 1 | _aSebastián, Mónica P. | |
| 773 | 0 |
_tProfesional & Empresaria _g- Año XII, Nº 140 (may. 2011) _wREV70 |
|
| 999 |
_c9400 _d9400 |
||